Popular Names: 1909 vs. 2009 Quiz Stats

 Plays Quiz Updated Nov 7, 2018

Score 0/28 Timer 08:00
2 Plays Today
Gender Repeated Name % Correct
MaleJohn
87.5%
MaleMichael
69%
MaleJames
68.8%
MaleWilliam
63.1%
FemaleElizabeth
61.5%
MaleRobert
55.6%
MaleDavid
54.8%
MaleThomas
53.2%
FemaleSarah
52.2%
FemaleAnna
45.7%
MaleJoseph
45.4%
MaleAndrew
45.2%
MaleDaniel
44.1%
FemaleEmma
40.9%
Gender Repeated Name % Correct
FemaleKatherine
40.1%
MaleCharles
39.8%
MaleJack
37.9%
MaleHenry
33.5%
MaleSamuel
32.3%
MaleBenjamin
29.4%
MaleAnthony
24.6%
FemaleJulia
22.3%
FemaleGrace
20.7%
FemaleCharlotte
16.5%
FemaleElla
16.5%
FemaleEva
16.1%
FemaleEvelyn
10.4%
FemaleLillian
8.2%

You're not logged in!

Compare scores with friends on all Sporcle quizzes.
OR
Log In

Show Comments

Extras

Top Quizzes Today


Score Distribution

Your Account Isn't Verified!

In order to create a playlist on Sporcle, you need to verify the email address you used during registration. Go to your Sporcle Settings to finish the process.

Report this User

Report this user for behavior that violates our Community Guidelines.

Details: